Southville International School and Colleges
Your cart is empty.
  • Cart
  • Lists
    Public lists Eva Luna New books Lux_list list_1
    Your lists Log in to create your own lists
  • Log in to your account
  • Your cookies
  • Search history
Southville International School and Colleges
  • Advanced search
  • Recent comments
  • Most popular
  • Libraries

Log in to your account

Log in with GOOGLE


If you do not have an external account, but do have a local account, you can still log in:

  1. Home
  2. MARC view: Pay it forward [videorecording] /
Normal view MARC view ISBD view

Pay it forward [videorecording] / (Record no. 292675)

[ view plain ]
MARC details
000 -LEADER
fixed length control field 00877nam a2200277Ia 4500
008 - FIXED-LENGTH DATA ELEMENTS--GENERAL INFORMATION
fixed length control field 160319s9999 xx 000 0 und d
245 ## - TITLE STATEMENT
Title Pay it forward [videorecording] /
245 ## - TITLE STATEMENT
Statement of responsibility, etc Warner Bros. Pictures ; Tapestry Films Production ; script by Leslie Dixon ; directed by Mimi Leder.
260 ## - PUBLICATION, DISTRIBUTION, ETC. (IMPRINT)
Place of publication, distribution, etc Los Angeles, CA :
260 ## - PUBLICATION, DISTRIBUTION, ETC. (IMPRINT)
Name of publisher, distributor, etc Warner Bros Pictures
260 ## - PUBLICATION, DISTRIBUTION, ETC. (IMPRINT)
Date of publication, distribution, etc 2000
300 ## - PHYSICAL DESCRIPTION
Extent videodisc (123 min.) :
300 ## - PHYSICAL DESCRIPTION
Other physical details sound, colored ;
300 ## - PHYSICAL DESCRIPTION
Dimensions 4 3/4 in.
500 ## - GENERAL NOTE
General note Based on the novel by Catherine Ryan Hyde.
650 ## - SUBJECT ADDED ENTRY--TOPICAL TERM
Topical term or geographic name as entry element Boys --
650 ## - SUBJECT ADDED ENTRY--TOPICAL TERM
Topical term or geographic name as entry element Hyde, Catherine Ryan --
650 ## - SUBJECT ADDED ENTRY--TOPICAL TERM
Topical term or geographic name as entry element Kindness --
650 ## - SUBJECT ADDED ENTRY--TOPICAL TERM
Topical term or geographic name as entry element Teacher-student relationships --
650 ## - SUBJECT ADDED ENTRY--TOPICAL TERM
General subdivision Drama.
650 ## - SUBJECT ADDED ENTRY--TOPICAL TERM
General subdivision Drama.
650 ## - SUBJECT ADDED ENTRY--TOPICAL TERM
General subdivision Drama.
650 ## - SUBJECT ADDED ENTRY--TOPICAL TERM
General subdivision Film and video adaptations.
700 ## - ADDED ENTRY--PERSONAL NAME
Personal name Leder, Mimi, 1952-, added author.
700 ## - ADDED ENTRY--PERSONAL NAME
Personal name Warner Home Video (Firm)
Holdings
Withdrawn status Lost status Damaged status Home library Current library Date acquired Total Checkouts Barcode Date last seen Price effective from Koha item type
      Stonyhurst Southville International School (Batangas) Stonyhurst Southville International School (Batangas) 03/19/2016   AV-278 03/19/2016 03/19/2016 Audio Visual Materials

Pay it forward [videorecording] /

APA

Leder M. 1. a. a., Warner Home Video (Firm), .Pay it forward [videorecording]. Los Angeles, CA: .

Chicago

Leder Mimi 1952 added author, Warner Home Video (Firm), .Pay it forward [videorecording]. Los Angeles, CA: .

Harvard

Leder M. 1. a. a., Warner Home Video (Firm), .Pay it forward [videorecording]. Los Angeles, CA: .

MLA

Leder Mimi 1952 added author, Warner Home Video (Firm), .Los Angeles, CA: . .

  • Place hold
  • Print
  • Cite
  • Add to your cart (remove)
  • Save record
    BIBTEX Dublin Core MARCXML MARC (non-Unicode/MARC-8) MARC (Unicode/UTF-8) MARC (Unicode/UTF-8, Standard) MODS (XML) RIS
  • More searches
    Search for this title in:
    Other Libraries (WorldCat) Other Databases (Google Scholar) Online Stores (Bookfinder.com) Open Library (openlibrary.org)

Exporting to Dublin Core...

SOUTHVILLE LIBRARY

Southville International School and Colleges Library

1281 Tropical Ave. Cor. Luxembourg St., BF Homes International, Las Pinas City

Tel. No. 8256374 / 252358 Loc. 117/146

Powered by Koha